Cartilla de geografía del Distrito Federal

Guardado en:
Detalles Bibliográficos
Autor principal: Enciso, Francisco J.
Formato: Libro
Lenguaje:español
Publicado: México Imp. de Aguilar e Hijos 1878
Catálogo:MANES:  Resultados de Búsqueda del Catálogo
Clasificación de libros de texto:
Etiquetas: Agregar Etiqueta
Sin Etiquetas, Sea el primero en etiquetar este registro!
Añadido a:2019-03-06
Cambiado en:2019-03-07

MARC

LEADER 00000nam a2200000 4500
005 20190307120207.0
008 190307b xxu||||| |||| 00| 0 spa d
040 |a centro_manes  |c universidad_colima 
100 |9 23314  |a Enciso, Francisco J. 
245 |a Cartilla de geografía del Distrito Federal  
260 |a México  |b Imp. de Aguilar e Hijos   |c 1878 
300 |a 32 p.  |c 18 cm.  |e ils. 
500 |a Aparece: Francisco Ziga, "Bibliografía Pedagógica. Libros de texto para enseñanza primaria: 1850-1970 V. Libros de Geografía" en Boletín del Instituto de Investigaciones Bibliográficas 1981-1982, Biblioteca Nacional, Hemeroteca Nacional, Universidad Nacional Autónoma de México, Nos. 18 - 19, p. 24. 
690 0 |a GEO 
691 0 |a PRI 
942 |2 ddc  |c BK 
999 |c 55596  |d 55596 
999 |c manes:55596  |d 55596